Drapeaux du monde - Mode Expert - Statistiques

Statistiques générales
  • Ce quiz a été pris 178 fois
  • Le résultat moyen est 24 sur 31
Statistiques - réponses
Par images Réponse % Correct
Venezuela
94%
Éthiopie
90%
Tanzanie
88%
Colombie
87%
Brunei
85%
Comores
85%
Kiribati
85%
Lituanie
83%
Gabon
82%
Salvador
82%
Samoa
82%
Antigua-et-Barbuda
81%
Arménie
81%
Nauru
80%
Trinité-et-Tobago
80%
Dominique
78%
Namibie
78%
Suriname
78%
Burundi
77%
Guatemala
77%
Nicaragua
76%
Sierra Leone
76%
Rwanda
75%
Vanuatu
74%
Bénin
73%
Timor oriental
73%
Bolivie
72%
Guinée
66%
Sao Tomé-et-Principe
66%
Guinée-Bissau
65%
Salomon
64%
Aucun quiz correspondant
Distribution des résultats
% des personnes avec chaque résultat
Percentile par nombre de réponses
Votre historique - résultats
Vous n’avez pas pris ce quiz